Pandzhsher v 1975-1990 godakh glazami afganskogo istorika /

Bibliographic Details
Main Author: Grigorʹev, S. E. (Sergeĭ Evgenʹevich)
Format: Book
Language:Russian
Published: Sankt-Peterburg : Izd-vo S.-Peterburgskogo universiteta, 1997.
Subjects:

MARC

Tag First Indicator Second Indicator Subfields
LEADER 00000aam a2200000 a 4500
001 in00001811684
005 20151026052112.0
008 980102s1997 ru b 000 0 ruso
010 |a  98100117  
020 |a 528801647X 
035 |a (OCoLC)ocm38243005 
040 |a DLC  |c DLC  |d TXA  |d UtOrBLW 
043 |a a-af--- 
049 |a TXAM 
050 0 0 |a DS374.P36  |b G75 1997 
100 1 |a Grigorʹev, S. E.  |q (Sergeĭ Evgenʹevich) 
245 1 0 |a Pandzhsher v 1975-1990 godakh glazami afganskogo istorika /  |c S.E. Grigorʹev. 
264 1 |a Sankt-Peterburg :  |b Izd-vo S.-Peterburgskogo universiteta,  |c 1997. 
300 |a 124 pages ;  |c 20 cm. 
336 |a text  |b txt  |2 rdacontent 
337 |a unmediated  |b n  |2 rdamedia 
338 |a volume  |b nc  |2 rdacarrier 
504 |a Includes bibliographical references (pages 108-112). 
600 1 0 |a Manṣūr, ʻAbd al-Ḥafīẓ.  |t Panjshīr dar dawrān-i jihād. 
651 0 |a Panjshir (Afghanistan)  |x History  |y 20th century. 
948 |a cataloged  |b h  |c 2004/3/12  |d c  |e spoltoratski  |f 10:31:56 am 
994 |a E0  |b TXA 
999 |a MARS 
999 f f |s 5c742a63-92e3-38e0-b3f9-27b84209f4ca  |i e3f5912b-93df-3f02-a626-778548aaad10  |t 0 
952 f f |p ric  |a Texas A&M University  |b Rellis Campus  |c Joint Library Facility  |d Remote Storage  |t 0  |e DS374.P36 G75 1997  |h Library of Congress classification  |i unmediated -- volume  |m A14830873252 
998 f f |a DS374.P36 G75 1997  |t 0  |l Remote Storage